Đánh giá hiệu quả của hệ thống xử lý nước thải sinh hoạt bằng đất ngập nước kiến tạo tại ký túc xá Long An-Đại học Cần Thơ : Luận văn Thạc sĩ Khoa học Môi trường. Chuyên ngành: Khoa học Môi trường

Đề tài trình bày các khái niệm về đất ngập nước kiến tạo, ưu điểm và hạn chế, cơ chế loại bỏ ô nhiễm của hệ thống đất ngập nước. Trình bày phương pháp thí nghiệm xử lý nước thải bằng các loài thực vật trong hệ thống đất nga...

Volledige beschrijving

Bewaard in:
Bibliografische gegevens
Hoofdauteur: Huỳnh, Minh Trung
Formaat: Boek
Taal:Undetermined
Gepubliceerd in: Cần Thơ Trường Đại học Cần Thơ 2010
Onderwerpen:
Tags: Voeg label toe
Geen labels, Wees de eerste die dit record labelt!
Thư viện lưu trữ: Trung tâm Học liệu Trường Đại học Cần Thơ
LEADER 01502nam a2200229Ia 4500
001 CTU_163814
008 210402s9999 xx 000 0 und d
082 |a 628.351 
082 |b Tr513 
088 |a 60440301 
100 |a Huỳnh, Minh Trung 
245 0 |a Đánh giá hiệu quả của hệ thống xử lý nước thải sinh hoạt bằng đất ngập nước kiến tạo tại ký túc xá Long An-Đại học Cần Thơ : 
245 0 |b Luận văn Thạc sĩ Khoa học Môi trường. Chuyên ngành: Khoa học Môi trường 
245 0 |c Huỳnh Minh Trung ; Nguyễn Hữu Chiếm (Hướng dẫn Khoa học) 
260 |a Cần Thơ 
260 |b Trường Đại học Cần Thơ 
260 |c 2010 
520 |a Đề tài trình bày các khái niệm về đất ngập nước kiến tạo, ưu điểm và hạn chế, cơ chế loại bỏ ô nhiễm của hệ thống đất ngập nước. Trình bày phương pháp thí nghiệm xử lý nước thải bằng các loài thực vật trong hệ thống đất ngập nước. 
650 |a Sewage,Water,Nước thải,Nước,Wetlands,Đất ngập nước 
650 |x Purification,Biological treatment,Purification,Sự làm sạch,Xử lý sinh học,Sự làm sạch 
904 |i Năm 
980 |a Trung tâm Học liệu Trường Đại học Cần Thơ